00887 2200301 4500001002100000001002100021005001500042020002200057035002400079040001200103082001600115084001600131090001400147090001600161100001400177245007900191245009400270250001100364260003300375260003500408300004700443650002600490700001300516700001300529850001200542990001600554990001500570YOGYA000000000001050YOGYA00000000000105020140822082634 a978-602-9193-24-4 0010-081400000001090 aYOPDYOG 2[22]a923.5 a923.5 Man A a345 Sup E a923.5 Man A aMAN, John aEksistensi Pidana denda dalam sistem pidana & pemidanaancSuparni , Niniek aAttilab: Raja barbar momok Romawic/ John Man ; penerjemah, Soemarni ; editor, Adi Toha. aCet.1. aJakartabSinar Grafikac1996 aJakartabPustaka Alvabetc2012 axxiii, 407 hlm.b: ilus.c; 21 cm (3 eks.) aBiografi Ahli militer aSoemarni aAdi Toha aYOPDYOG a108956-P/98 a92817-P/97